Killers of the dawn / (Record no. 32669)

MARC details
000 -LEADER
fixed length control field 02296nam a2200337 a 4500
005 - DATE AND TIME OF LATEST TRANSACTION
control field 2009121202062.0
008 - FIXED-LENGTH DATA ELEMENTS--GENERAL INFORMATION
fixed length control field 060711r20081994mnua j 000 1 eng
010 ## - LCCN (DPL NO)
LC control number B-385177-185
020 ## - INTERNATIONAL STANDARD BOOK NUMBER
International Standard Book Number 9780007255719
Terms of availability 150.00
035 ## - SYSTEM CONTROL NUMBER
System control number B-385177-185
037 ## - SOURCE OF ACQUISITION
Source of stock number/acquisition Blueberry Books
040 ## - CATALOGING SOURCE
Original cataloging agency dpl
Language of cataloging English
082 ## - DEWEY DECIMAL CLASSIFICATION NUMBER
Classification number S
100 ## - MAIN ENTRY--PERSONAL NAME
Personal name Shan, Darren
245 ## - TITLE STATEMENT
Title Killers of the dawn /
Statement of responsibility, etc by Darren Shan
Remainder of title
260 ## - PUBLICATION, DISTRIBUTION, ETC. (IMPRINT)
Name of publisher, distributor, etc HarperCollins Publishers
Date of publication, distribution, etc 2007
Place of publication, distribution, etc New York
270 ## - ADDRESS
Address 10 East 53rd Street
City New York
Postal code 1022
300 ## - PHYSICAL DESCRIPTION
Extent 185p.
Dimensions 20cm(pbk)
490 ## - SERIES STATEMENT
Series statement the saga of Darren Shan
Volume number/sequential designation book 9
942 ## - ADDED ENTRY ELEMENTS (KOHA)
Source of classification or shelving scheme Dewey Decimal Classification
Item type Children Books
Call number suffix SHA
Classification part S
Holdings
Withdrawn status Lost status Source of classification or shelving scheme Damaged status Not for loan Collection code Home library Current library Date acquired Source of acquisition Cost, normal purchase price Total Checkouts Full call number Barcode Date last seen Copy number Cost, replacement price Koha item type Total Renewals
    Dewey Decimal Classification     Fiction Bawana Bawana 10/06/2010 Blueberry Books/5571/27.3.10/157/27.1.10/27.3.10 150.00 1 S SHA B-385182 03/09/2025 1 150.00 Children Books  
    Dewey Decimal Classification     Fiction Bawana Bawana 10/06/2010 Blueberry Books/5571/27.3.10/157/27.1.10/27.3.10 150.00   S SHA B-385184 10/06/2010 1 150.00 Children Books  
Withdrawn   Dewey Decimal Classification     Fiction Central Library Central Library 10/06/2010 Blueberry Books/5571/27.3.10/157/27.1.10/27.3.10 150.00   S SHA B-385177 10/06/2010 1 150.00 Children Books  
    Dewey Decimal Classification     Fiction Janak Puri Janak Puri 10/06/2010 Blueberry Books/5571/27.3.10/157/27.1.10/27.3.10 150.00 25 S SHA B-385179 26/02/2026 1 150.00 Children Books 3
  Written-off vide DLB M. No. 383 dt 16.05.19 Dewey Decimal Classification     Fiction Narela Narela 10/06/2010 Blueberry Books/5571/27.3.10/157/27.1.10/27.3.10 150.00   S SHA B-385183 10/06/2010 1 150.00 Children Books  
  Written-off vide DLB M. No. 383 dt 16.05.19 Dewey Decimal Classification     Fiction Patel Nagar Patel Nagar 10/06/2010 Blueberry Books/5571/27.3.10/157/27.1.10/27.3.10 150.00   S SHA B-385178 10/06/2010 1 150.00 Children Books  
    Dewey Decimal Classification     Fiction Sarojini Nagar Sarojini Nagar 10/06/2010 Blueberry Books/5571/27.3.10/157/27.1.10/27.3.10 150.00 1 S SHA B-385180 21/01/2026 1 150.00 Children Books 1
    Dewey Decimal Classification     Fiction Shahdara Branch Shahdara Branch 10/06/2010 Blueberry Books/5571/27.3.10/157/27.1.10/27.3.10 150.00 5 S SHA B-385185 23/04/2026 1 150.00 Children Books  
    Dewey Decimal Classification     Fiction Vinoba Puri Vinoba Puri 10/06/2010 Blueberry Books/5571/27.3.10/157/27.1.10/27.3.10 150.00 11 S SHA B-385181 27/11/2025 1 150.00 Children Books  

© Delhi Public Library
Hit Counter
free hit counter